000 00979nam a2200253 i 4500
001 86244
003 ES-MaACL
007 t|
008 041220s2003 sp ||||1| spa d
020 _a84-96193-24-1
080 _a7(450.521)
080 _a94(450.521)"13/14"
080 _a929.52Medici
245 0 3 _aLa Florencia de los Médicis [
_hRecurso electrónico].
260 _aMadrid :
_bDolmen,
_c[2003]
300 _a1 disco compacto (CD-ROM) :
_bson., col. ;
_c12 cm.
490 1 _aCiudades del arte ;
_v1
500 _aRequisitos del sistema: PC Pentium II a 200 Mhz ; 64 Mb de RAM ; Windows 95 y superior ; Tarjeta gráfica de 4 Mb y monitor (1024 x 768, 16 bits) ; CD-Rom 16x o superior ; Tarjeta de sonido. Compatible con reproductor DVD con lector de VCD.
650 1 4 _aArte-
_zFlorencia-
_vCD-ROM.
_910101
651 4 _aFlorencia-
_xHistoria-
_vCD-ROM.
_98669
830 0 _aCiudades del arte ;
_v1
_9183932
852 _aES-MaACL
_jROT 1/6/1
999 _c86244
_d86244